书目信息 |
| 题名: |
卢泰愚传
|
|
| 作者: | 李敬南 著 | |
| 分册: | ||
| 出版信息: | 北京 新华出版社 1991.2 |
|
| 页数: | 164页 | |
| 开本: | 20cm | |
| 丛书名: | ||
| 单 册: | ||
| 中图分类: | K833.12 | |
| 科图分类: | ||
| 主题词: | ||
| 电子资源: | ||
| ISBN: | 7-5011-0955-9 | |
| 000 | 00636nam0 2200229 450 | |
| 001 | 1535288830 | |
| 005 | 20150120094840.35 | |
| 010 | @a7-5011-0955-9@dCNY2.70 | |
| 100 | @a19910529d1991 ekmy0chiy0110 ea | |
| 101 | 1 | @achi@ckor |
| 102 | @aCN@b110000 | |
| 105 | @ac z 000yb | |
| 200 | 1 | @a卢泰愚传@9lu tai yu zhuan@f(南朝鲜)李敬南著 |
| 210 | @a北京@c新华出版社@d1991.2 | |
| 215 | @a164页@c肖像@d20cm | |
| 300 | @a内部发行 | |
| 600 | 1 | @a卢泰愚@f(1932~)@x传记 |
| 600 | 1 | @2CT@3S903994@a卢泰愚@f(1932~) |
| 690 | @aK833.12@v4 | |
| 701 | 0 | @a李敬南@9li jing nan@4著 |
| 801 | 0 | @aCN@bTSSF@c20150120 |
| 905 | @aZUCC@dK833.12@eJY16 | |
| 卢泰愚传/(南朝鲜)李敬南著.-北京:新华出版社,1991.2 |
| 164页:肖像;20cm |
| 内部发行 |
| ISBN 7-5011-0955-9:CNY2.70 |
| ● |
| 相关链接 |
|
|
|
|
正题名:卢泰愚传
索取号:K833.12/JY16
 
预约/预借
| 序号 | 登录号 | 条形码 | 馆藏地/架位号 | 状态 | 备注 |
| 1 | 7836542 | 278365421 | 学院路分馆/ [索取号:K833.12/JY16] | 在馆 | |
| 2 | 7836543 | 278365430 | 学院路分馆/ [索取号:K833.12/JY16] | 在馆 |